Catálogo

VOCABULARIO TECNICO INGLES-ESPAÑOL. (Registro nro. 21919)

Detalles MARC
000 -LEADER
fixed length control field 00414nam a2200157 a 4500
001 - CONTROL NUMBER
control field 21919
005 - DATE AND TIME OF LATEST TRANSACTION
control field 20180713215740.0
008 - FIXED-LENGTH DATA ELEMENTS--GENERAL INFORMATION
fixed length control field 140415s1948 000 0 spa d
041 ## - LANGUAGE CODE
Language code of text/sound track or separate title spa
082 ## - DEWEY DECIMAL CLASSIFICATION NUMBER
Classification number 428
Item number MEL
100 1# - MAIN ENTRY--PERSONAL NAME
Personal name MELO, SAMUEL
245 10 - TITLE STATEMENT
Title VOCABULARIO TECNICO INGLES-ESPAÑOL.
260 ## - PUBLICATION, DISTRIBUTION, ETC.
Place of publication, distribution, etc. [s.l.] :
Name of publisher, distributor, etc. WINDSOR PRESS,
Date of publication, distribution, etc. 1948.
300 ## - PHYSICAL DESCRIPTION
Extent 136.
650 14 - SUBJECT ADDED ENTRY--TOPICAL TERM
Topical term or geographic name entry element INGLES
General subdivision LENGUAJE
-- TECNICO
Existencias
Withdrawn status Lost status Source of classification or shelving scheme Damaged status Not for loan Collection code Home library Current library Shelving location Date acquired Source of acquisition Inventory number Total Checkouts Full call number Barcode Date last seen Date last checked out Price effective from Koha item type
    Dewey Decimal Classification     General Biblioteca Karol Wojtyla Biblioteca Karol Wojtyla Sala general 03/12/2013 Compra 151000000000000000042051   428 MEL 42342 05/01/2026 16/02/2017 03/12/2013 Libro